People's Linguistic Survey Of India: (Record no. 205745)

MARC details
000 -LEADER
fixed length control field 00705nam a22002057a 4500
005 - DATE AND TIME OF LATEST TRANSACTION
control field 20240910121641.0
010 ## - LCCN (DPL NO)
LC control number ENG-141708
020 ## - INTERNATIONAL STANDARD BOOK NUMBER
Terms of availability 3365.00
International Standard Book Number 9789354422041
035 ## - SYSTEM CONTROL NUMBER
System control number EN-125240
037 ## - SOURCE OF ACQUISITION
Source of stock number/acquisition DBAD
082 ## - DEWEY DECIMAL CLASSIFICATION NUMBER
Classification number 954.53
245 ## - TITLE STATEMENT
Title People's Linguistic Survey Of India:
Remainder of title The Languages of Bihar/
Statement of responsibility, etc Edited by G.N. Devy and Vibha S. Chauhan
260 ## - PUBLICATION, DISTRIBUTION, ETC. (IMPRINT)
Place of publication, distribution, etc Himayatnagar , Hyderabad
Name of publisher, distributor, etc Orient Blackswan Private Limited
Date of publication, distribution, etc 2022
270 ## - ADDRESS
City Telangana
Address 3-6-752 , Himayatnagar
Postal code 500029
300 ## - PHYSICAL DESCRIPTION
Extent xlviii,444p;
Dimensions 25cm(hb)
490 ## - SERIES STATEMENT
Series statement Part 2
Volume number/sequential designation Vol 6
700 ## - ADDED ENTRY--PERSONAL NAME
Personal name Devy , G.N.
Relator term Editor
9 (RLIN) 71380
700 ## - ADDED ENTRY--PERSONAL NAME
Personal name Chauhan, Vibha S.
Relator term Editor
9 (RLIN) 71381
942 ## - ADDED ENTRY ELEMENTS (KOHA)
Source of classification or shelving scheme Dewey Decimal Classification
Item type English Books
Classification part 954.53
Call number suffix PEO
Holdings
Withdrawn status Lost status Materials specified (bound volume or other part) Not for loan Collection code Home library Current library Date acquired Source of acquisition Cost, normal purchase price Full call number Barcode Copy number Cost, replacement price Koha item type
    VOL-6   Non-fiction Central Library Central Library 10/09/2024 Delivery of Books Act Division 3365.00 954.53 PEO EN-125240 1 3365.00 English Books

© Delhi Public Library
Hit Counter
free hit counter